书目信息 |
| 题名: |
虚构列传
|
|
| 作者: | 施沃布 著 ;王一笑 译 | |
| 分册: | ||
| 出版信息: | 南宁 广西科学技术出版社 2024.10 |
|
| 页数: | 115页 | |
| 开本: | 20cm | |
| 丛书名: | 猛犸译丛 | |
| 单 册: | ||
| 中图分类: | I565.44 | |
| 科图分类: | ||
| 主题词: | 传记小说--小说集--法国--近代 | |
| 电子资源: | ||
| ISBN: | 978-7-5551-2247-0 | |
| 000 | 00830nam0 2200265 450 | |
| 001 | 013314034 | |
| 005 | 20251022144712.83 | |
| 010 | @a978-7-5551-2247-0@b精装@dCNY49.80 | |
| 100 | @a20241223d2024 em y0chiy0120 ea | |
| 101 | 1 | @achi@cfre |
| 102 | @aCN@b450000 | |
| 105 | @ay z 000ay | |
| 106 | @ar | |
| 200 | 1 | @a虚构列传@9xu gou lie zhuan@dVies imaginaires@f(法)马塞尔·施沃布(Marcel Schwob)著@g王一笑译@zfre |
| 210 | @a南宁@c广西科学技术出版社@d2024.10 | |
| 215 | @a115页@d20cm | |
| 225 | 1 | @a猛犸译丛 |
| 461 | 0 | @12001 @a猛犸译丛 |
| 510 | 1 | @aVies imaginaires@zfre |
| 606 | 0 | @a传记小说@x小说集@y法国@z近代 |
| 690 | @aI565.44@v5 | |
| 701 | 0 | @c(法)@a施沃布@9shi wo bu@c(Schwob, Marcel)@4著 |
| 702 | 0 | @a王一笑@9wang yi xiao@4译 |
| 801 | 0 | @aCN@c20250909 |
| 905 | @a河南城建学院图书馆@dI565.44@eS500@ZS500@f1 | |
| 虚构列传=Vies imaginaires/(法)马塞尔·施沃布(Marcel Schwob)著/王一笑译.-南宁:广西科学技术出版社,2024.10 |
| 115页;20cm.-(猛犸译丛) |
| ISBN 978-7-5551-2247-0(精装):CNY49.80 |
| ● |
| 相关链接 |
|
|
|
正题名:虚构列传
索取号:I565.44/S500
 
预约/预借
| 序号 | 登录号 | 条形码 | 馆藏地/架位号 | 状态 | 备注 |
| 1 | 1632896 | 216328962 | 文学库116/116文学库 23排6列3层/ [索取号:I565.44/S500] | 在馆 |